Essays of Michel de Montaigne — Volume 08 (Record no. 232917)
[ view plain ]
| 000 -LEADER | |
|---|---|
| fixed length control field | 01020cam a22002653a 4500 |
| 001 - CONTROL NUMBER | |
| control field | 3588 |
| 003 - CONTROL NUMBER IDENTIFIER | |
| control field | PGUSA |
| 005 - DATE AND TIME OF LATEST TRANSACTION | |
| control field | 20140828083035.0 |
| 008 - FIXED-LENGTH DATA ELEMENTS--GENERAL INFORMATION | |
| fixed length control field | 041101s2004||||xxu|||||s|||||000 e eng d |
| 040 ## - CATALOGING SOURCE | |
| Original cataloging agency | PGUSA |
| Language of cataloging | eng |
| 042 ## - AUTHENTICATION CODE | |
| Authentication code | dc |
| 050 #4 - LIBRARY OF CONGRESS CALL NUMBER | |
| Classification number | PQ |
| 100 1# - MAIN ENTRY--PERSONAL NAME | |
| Personal name | Montaigne, Michel de, |
| Dates associated with a name | 1533-1592 |
| 245 10 - TITLE STATEMENT | |
| Title | Essays of Michel de Montaigne — Volume 08 |
| Medium | [electronic resource] / |
| Statement of responsibility, etc | Michel de Montaigne |
| 260 ## - PUBLICATION, DISTRIBUTION, ETC. (IMPRINT) | |
| Name of publisher, distributor, etc | Project Gutenberg, |
| Date of publication, distribution, etc | 2004 |
| 505 0# - FORMATTED CONTENTS NOTE | |
| Formatted contents note | Of war-horses, or destriers -- Of ancient customs -- Of Democritus and Heraclitus -- Of the vanity of words -- Of the parsimony of the ancients -- Of a saying of Caesar -- Of vain subtleties -- Of smells -- Of prayers -- Of age. |
| 506 ## - RESTRICTIONS ON ACCESS NOTE | |
| Terms governing access | Public domain in the USA. |
| 516 ## - TYPE OF COMPUTER FILE OR DATA NOTE | |
| Type of computer file or data note | Electronic text |
| 653 ## - INDEX TERM--UNCONTROLLED | |
| Uncontrolled term | French essays -- Translations into English |
| 700 1# - ADDED ENTRY--PERSONAL NAME | |
| Personal name | Cotton, Charles, |
| Dates associated with a name | 1630-1687 |
| 700 1# - ADDED ENTRY--PERSONAL NAME | |
| Personal name | Hazlitt, William Carew, |
| Dates associated with a name | 1834-1913 |
| 830 #0 - SERIES ADDED ENTRY--UNIFORM TITLE | |
| Uniform title | Project Gutenberg |
| Volume number/sequential designation | 3588 |
| 856 40 - ELECTRONIC LOCATION AND ACCESS | |
| Uniform Resource Identifier | <a href="http://www.gutenberg.org/ebooks/3588">http://www.gutenberg.org/ebooks/3588</a> |
| 942 ## - ADDED ENTRY ELEMENTS (KOHA) | |
| Koha item type | eBooks |
| Withdrawn status | Lost status | Damaged status | Home library | Current library | Date acquired | Total Checkouts | Date last seen | Price effective from | Koha item type |
|---|---|---|---|---|---|---|---|---|---|
| Project Gutenberg | Project Gutenberg | 08/28/2014 | 08/28/2014 | 08/28/2014 | eBooks |